صبح بت کد ہ (Record no. 94588)

MARC details
000 -LEADER
fixed length control field 00646nam a22002177a 4500
005 - DATE AND TIME OF LATEST TRANSACTION
control field 20150701125348.0
008 - FIXED-LENGTH DATA ELEMENTS--GENERAL INFORMATION
fixed length control field 140714b xxu||||| |||| 00| 0 Urdu d
010 ## - LCCN (DPL NO)
LC control number UR-9142
020 ## - INTERNATIONAL STANDARD BOOK NUMBER
Terms of availability 100.00
035 ## - SYSTEM CONTROL NUMBER
System control number U-7697
037 ## - SOURCE OF ACQUISITION
Source of stock number/acquisition DBAD
040 ## - CATALOGING SOURCE
Original cataloging agency DPL
Language of cataloging Urdu
082 ## - DEWEY DECIMAL CLASSIFICATION NUMBER
Classification number 841
100 ## - MAIN ENTRY--PERSONAL NAME
Personal name شو ق ما ہر ی
245 ## - TITLE STATEMENT
Title صبح بت کد ہ
Statement of responsibility, etc شو ق ما ہر ی
246 #h - VARYING FORM OF TITLE
Title proper/short title Subha-e-Butkadah
Remainder of title By Shouque Maheri
260 ## - PUBLICATION, DISTRIBUTION, ETC. (IMPRINT)
Name of publisher, distributor, etc Azad Akhtar
Date of publication, distribution, etc 2013
Place of publication, distribution, etc Khandwa(M.P.)
270 ## - ADDRESS
Address Zainab Manzil,Moghat Road,
City Khandwa (M.P.)
Telephone number 9827748714
Postal code 450001
300 ## - PHYSICAL DESCRIPTION
Extent 214ص
Dimensions 22Cm (Hb)
942 ## - ADDED ENTRY ELEMENTS (KOHA)
Source of classification or shelving scheme Dewey Decimal Classification
Item type Urdu Bks
Edition
Classification part 841
Call number suffix ش و ق
Holdings
Withdrawn status Lost status Source of classification or shelving scheme Damaged status Not for loan Collection code Home library Current library Date acquired Source of acquisition Cost, normal purchase price Total Checkouts Full call number Barcode Date last seen Copy number Cost, replacement price Koha item type
    Dewey Decimal Classification   Not For Loan Non-fiction D.B.Act.Division D.B.Act.Division 01/07/2015 DBAD/Pub. 100.00   841 ش و ق U-7697 01/07/2015 1 100.00 Urdu Bks

© Delhi Public Library
Hit Counter
free hit counter